<?xml version="1.0" encoding="UTF-8"?>
<collection xmlns="http://www.loc.gov/MARC21/slim">
    <record>
        <controlfield tag="001">68559</controlfield>
        <controlfield tag="005">20180223095324.0</controlfield>
        <datafield tag="037" ind1=" " ind2=" ">
            <subfield code="a">GDOC-2016-60922</subfield>
        </datafield>
        <datafield tag="041" ind1=" " ind2=" ">
            <subfield code="a">spa</subfield>
        </datafield>
        <datafield tag="100" ind1=" " ind2=" ">
            <subfield code="0">(orcid)0000-0002-8298-4300</subfield>
            <subfield code="1">431297</subfield>
            <subfield code="a">Canales Compés, María</subfield>
        </datafield>
        <datafield tag="245" ind1="0" ind2="0">
            <subfield code="9">60922</subfield>
            <subfield code="a">Redes heterogéneas</subfield>
        </datafield>
        <datafield tag="260" ind1=" " ind2=" ">
            <subfield code="a">Zaragoza</subfield>
            <subfield code="b">Universidad de Zaragoza</subfield>
            <subfield code="c">2016-2017</subfield>
        </datafield>
        <datafield tag="520" ind1=" " ind2=" ">
            <subfield code="a">Breve presentación de la asignatura
La asignatura Redes Heterogéneas se enmarca dentro de la materia Redes y Servicios, que engloba otras tres asignaturas obligatorias, con las cuales guarda relación. Tiene como las anteriores, carácter obligatorio.
Esta asignatura aborda la problemática asociada a la heterogeneidad de las redes de comunicaciones actuales, especialmente relevante en el ámbito de las comunicaciones inalámbricas. La asignatura tiene como objetivo conseguir que el alumno conozca las tecnologías y estándares relevantes en este ámbito, los principios de diseño de las redes y los mecanismos que garantizan la interoperabilidad. Además pretende que el alumno adquiera la capacidad de diseñar, analizar y optimizar despliegues de redes heterogéneas en distintos escenarios de aplicación.
La asignatura consta de 5 créditos ECTS, que se distribuyen en sesiones presenciales de presentaciones teórico-prácticas, prácticas de laboratorio, realización de trabajos de aplicación o investigación prácticos y actividades de trabajo personal del estudiante.</subfield>
            <subfield code="b"> </subfield>
        </datafield>
        <datafield tag="521" ind1=" " ind2=" ">
            <subfield code="9">682</subfield>
            <subfield code="a">Ingeniería de Telecomunicación</subfield>
        </datafield>
        <datafield tag="540" ind1=" " ind2=" ">
            <subfield code="a">by-nc-sa</subfield>
            <subfield code="b">Creative Commons</subfield>
            <subfield code="c">3.0</subfield>
            <subfield code="u">http://creativecommons.org/licenses/by-nc-sa/3.0/</subfield>
        </datafield>
        <datafield tag="700" ind1=" " ind2=" ">
            <subfield code="0">(orcid)0000-0002-8682-745X</subfield>
            <subfield code="1">432018</subfield>
            <subfield code="a">Gallego Martínez, José Ramón</subfield>
        </datafield>
        <datafield tag="700" ind1=" " ind2=" ">
            <subfield code="0">(orcid)0000-0002-0719-7198</subfield>
            <subfield code="1">582513</subfield>
            <subfield code="a">Delgado Pinillos, Carmen</subfield>
        </datafield>
        <datafield tag="830" ind1=" " ind2=" ">
            <subfield code="9">533</subfield>
        </datafield>
        <datafield tag="856" ind1="4" ind2=" ">
            <subfield code="s">19202</subfield>
            <subfield code="u">http://zaguan.unizar.es/record/68559/files/guia-60922-es.pdf</subfield>
            <subfield code="y">Guía (idioma español)</subfield>
        </datafield>
        <datafield tag="856" ind1="4" ind2=" ">
            <subfield code="s">9655</subfield>
            <subfield code="u">http://zaguan.unizar.es/record/68559/files/guia-60922-en.pdf</subfield>
            <subfield code="y">Guide (english)</subfield>
        </datafield>
        <datafield tag="970" ind1=" " ind2=" ">
            <subfield code="a">GDOC-2016-60922</subfield>
        </datafield>
        <datafield tag="980" ind1=" " ind2=" ">
            <subfield code="a">GDOC</subfield>
            <subfield code="b">Ingeniería y arquitectura</subfield>
            <subfield code="c">110</subfield>
        </datafield>
    </record>

    
</collection>